00747nam a2200253 a 450000500170000000800410001704000250005804100080008304400070009110000330009811000570013124500690018826000270025730000110028465000250029565000180032065000300033865000130036865000200038165000210040170000260042270000220044870000230047020191224041733.0140314b1996 ck ||||| |||| 00| 0 spa d aCO-BoIAVHcCO-BoIAVH aspa ack aRodríguez Salazar, Adriana bInstituto Amazonico de Investigaciones Científicas aAsentamientos humanos del Guaviare bdinámicas y perspectivas aBogotábSINCHIc1996 a196 p. aPoblación Indigena aApropiación aCultivo de CocavGuaviare aGuaviare aCultivo de coca aTerritorio Nukak aSalazar, Carlos Ariel aGarcía, César aSepúlveda, Favio